[Event "St Veit op 41st"]
[Site "St Veit"]
[Date "2022.07.14"]
[Round "7"]
[White "Miazhynski, Yuri"]
[Black "Vojinov, Danijel"]
[Result "0-1"]
[WhiteElo "2166"]
[BlackElo "2201"]
[PlyCount "76"]
[EventDate "2022.07.09"]
[EventType "swiss"]
[EventRounds "9"]
[EventCountry "AUT"]
[SourceTitle "CBM 209 Extra"]
[Source "ChessBase"]
[SourceDate "2022.09.30"]
[SourceVersion "1"]
[SourceVersionDate "2022.09.30"]
[SourceQuality "1"]

1. e4 c5 2. c3 Nf6 3. e5 Nd5 4. d4 cxd4 5. cxd4 e6 6. Nf3 Nc6 7. a3 d6 8. Bd3 dxe5 9. dxe5 Qc7 10. 0-0 Bd7 11. Qe2 Na5 12. Nc3 Nxc3 13. bxc3 Nb3 14. Ra2 Nxc1 15. Rxc1 Bc5 16. Re1 Rd8 17. Bb1 Bc6 18. h4 Bd5 19. Rd2 Bxa3 20. Qe3 Be7 21. Nd4 a6 22. h5 g6 23. f4 Bc5 24. g4 gxh5 25. g5 Qe7 26. Kh2 h6 27. Rg1 Rg8 28. Kh3 hxg5 29. fxg5 Bxd4 30. Rxd4 Rc8 31. g6 fxg6 32. Bxg6+ Kd8 33. c4 Rxc4 34. Rxc4 Bxc4 35. Rd1+ Bd5 36. Qb6+ Kc8 37. Rc1+ Kb8 38. Bd3 Bg2+ 0-1

[Event "St Veit op 41st"]
[Site "St Veit"]
[Date "2022.07.13"]
[Round "6"]
[White "Ernst, Robert"]
[Black "Vojinov, Danijel"]
[Result "0-1"]
[WhiteElo "2001"]
[BlackElo "2201"]
[PlyCount "72"]
[EventDate "2022.07.09"]
[EventType "swiss"]
[EventRounds "9"]
[EventCountry "AUT"]
[SourceTitle "CBM 209 Extra"]
[Source "ChessBase"]
[SourceDate "2022.09.30"]
[SourceVersion "1"]
[SourceVersionDate "2022.09.30"]
[SourceQuality "1"]

1. d4 Nf6 2. c4 e6 3. Nc3 Bb4 4. e3 c5 5. Nge2 b6 6. a3 Ba5 7. Bd2 0-0 8. Rb1 cxd4 9. Nxd4 Bxc3 10. Bxc3 Ne4 11. Qc2 Bb7 12. Bd3 f5 13. 0-0 Na6 14. b4 Nxc3 15. Qxc3 Qg5 16. g3 Nc7 17. f4 Qf6 18. Ne2 Qe7 19. Qd4 Rac8 20. e4 fxe4 21. Bxe4 Bxe4 22. Qxe4 Ne8 23. Qd4 Nd6 24. Rbd1 Nxc4 25. Qxd7 Qf6 26. Nd4 Rfe8 27. Nc2 Nb2 28. Rc1 Red8 29. Qb5 Qc3 30. Qe2 Nd3 31. Rf3 Qb2 32. Rd1 Rxc2 33. Qxe6+ Kh8 34. Rdxd3 Rc1+ 35. Rf1 Rxf1+ 36. Kxf1 Qb1+ 0-1

[Event "St Veit op 41st"]
[Site "St Veit"]
[Date "2022.07.11"]
[Round "4"]
[White "Elpons, Walter"]
[Black "Vojinov, Danijel"]
[Result "0-1"]
[WhiteElo "1952"]
[BlackElo "2201"]
[PlyCount "90"]
[EventDate "2022.07.09"]
[EventType "swiss"]
[EventRounds "9"]
[EventCountry "AUT"]
[SourceTitle "CBM 209 Extra"]
[Source "ChessBase"]
[SourceDate "2022.09.30"]
[SourceVersion "1"]
[SourceVersionDate "2022.09.30"]
[SourceQuality "1"]

1. d4 Nf6 2. Bf4 d6 3. e3 g6 4. Bd3 Bg7 5. Nf3 c6 6. 0-0 Bg4 7. h3 Bxf3 8. Qxf3 Nbd7 9. Bh2 0-0 10. c3 e5 11. dxe5 Nxe5 12. Bxe5 dxe5 13. e4 Qb6 14. b3 Rad8 15. Nd2 Nh5 16. Nc4 Qc7 17. Rfd1 Nf4 18. Bc2 b5 19. Nb2 Qa5 20. Kh2 Rxd1 21. Nxd1 Rd8 22. Qe3 Bf8 23. g3 Ne6 24. Nb2 Bc5 25. Qe1 Bxf2 26. Qxf2 Qxc3 27. Rd1 Qxb2 28. Rf1 Rd7 29. Kh1 Qxa2 30. b4 Nd4 31. Rd1 Qe6 32. Bb1 Qxh3+ 33. Kg1 Qg4 34. Rf1 Ne2+ 35. Kh2 Nd4 36. Ba2 Qe2 37. Kg1 Qxf2+ 38. Rxf2 Kg7 39. g4 h6 40. Kg2 Rc7 41. Kh3 f6 42. Rd2 c5 43. bxc5 Rxc5 44. Bd5 Rc3+ 45. Kg2 Rc2 0-1

[Event "St Veit op 41st"]
[Site "St Veit"]
[Date "2022.07.10"]
[Round "3"]
[White "Vojinov, Danijel"]
[Black "Bosiocic, Marin"]
[Result "0-1"]
[WhiteElo "2201"]
[BlackElo "2549"]
[PlyCount "76"]
[EventDate "2022.07.09"]
[EventType "swiss"]
[EventRounds "9"]
[EventCountry "AUT"]
[SourceTitle "CBM 209 Extra"]
[Source "ChessBase"]
[SourceDate "2022.09.30"]
[SourceVersion "1"]
[SourceVersionDate "2022.09.30"]
[SourceQuality "1"]

1. b4 e5 2. Bb2 Bxb4 3. Bxe5 Nf6 4. c3 Be7 5. d4 d5 6. Bxf6 Bxf6 7. e3 c5 8. Bd3 Qb6 9. Nd2 Nc6 10. Ne2 Bg4 11. Rb1 Qc7 12. h3 Bh5 13. g4 Bg6 14. Bxg6 hxg6 15. Nf4 Rd8 16. Qf3 Ne7 17. 0-0 b6 18. e4 Bg5 19. e5 Bxf4 20. Qxf4 Rxh3 21. Nf3 f6 22. Kg2 g5 23. Qe3 Rh8 24. Rbe1 Kf8 25. exf6 gxf6 26. Qe6 Rd6 27. Qe3 Ng6 28. Rh1 Rxh1 29. Kxh1 Kg7 30. Kg2 Qc8 31. Kg3 Rd8 32. dxc5 bxc5 33. Rb1 Rh8 34. Rb5 Nf4 35. Qe7+ Kg6 36. Ng1 Rh1 37. Rb1 Qh8 38. Kf3 Rh3+ 0-1

[Event "SLO-chT 31st"]
[Site "Ljubljana"]
[Date "2021.09.18"]
[Round "5.5"]
[White "Jelen, Igor"]
[Black "Vojinov, Danijel"]
[Result "0-1"]
[WhiteElo "2338"]
[BlackElo "2125"]
[PlyCount "62"]
[EventDate "2021.09.10"]
[EventType "team-tourn"]
[EventRounds "9"]
[EventCountry "SLO"]
[SourceTitle "CBM 204 Extra"]
[Source "ChessBase"]
[SourceDate "2021.11.30"]
[SourceVersion "1"]
[SourceVersionDate "2021.11.30"]
[SourceQuality "1"]
[WhiteTeam "Ig"]
[BlackTeam "Kranj Stari Mayr"]
[WhiteTeamCountry "SLO"]
[BlackTeamCountry "SLO"]

1. d4 Nf6 2. c4 e6 3. Nc3 Bb4 4. e3 b6 5. Nge2 0-0 6. a3 Bxc3+ 7. Nxc3 d5 8. cxd5 exd5 9. Bd3 c5 10. 0-0 Re8 11. dxc5 bxc5 12. b4 c4 13. Bc2 Bg4 14. Qd2 Nc6 15. Ba4 Re6 16. Bb2 d4 17. exd4 Nxd4 18. Qf4 Re4 19. Qg5 h6 20. Qc5 Ne6 21. Qc6 Nd4 22. Qa6 Ne2+ 23. Nxe2 Re6 24. Bc6 Bxe2 25. Rfe1 Qd2 26. Bxf6 gxf6 27. b5 c3 28. Qa4 Rd8 29. Rac1 Bxb5 30. Qg4+ Kh8 31. Red1 Be2 0-1

[Event "SLO-chT 31st"]
[Site "Ljubljana"]
[Date "2021.09.17"]
[Round "4.1"]
[White "Vojinov, Danijel"]
[Black "Brcar, Ales"]
[Result "0-1"]
[WhiteElo "2125"]
[BlackElo "2137"]
[PlyCount "88"]
[EventDate "2021.09.10"]
[EventType "team-tourn"]
[EventRounds "9"]
[EventCountry "SLO"]
[SourceTitle "CBM 204 Extra"]
[Source "ChessBase"]
[SourceDate "2021.11.30"]
[SourceVersion "1"]
[SourceVersionDate "2021.11.30"]
[SourceQuality "1"]
[WhiteTeam "Kranj Stari Mayr"]
[BlackTeam "Trebnje BMP"]
[WhiteTeamCountry "SLO"]
[BlackTeamCountry "SLO"]

1. b4 e5 2. Bb2 Bxb4 3. Bxe5 Nf6 4. c3 Ba5 5. Nf3 Nc6 6. d4 0-0 7. Bxf6 Qxf6 8. e3 Ne7 9. Bd3 d5 10. Qc2 Ng6 11. 0-0 c6 12. Nbd2 Bc7 13. e4 dxe4 14. Nxe4 Qf4 15. Ng3 Bg4 16. Nd2 h5 17. Rfe1 Rae8 18. Ndf1 h4 19. Ne2 Qg5 20. g3 h3 21. Be4 Qa5 22. Ne3 Rxe4 23. Qxe4 Bxe2 24. g4 Qb5 25. Qf5 Qxf5 26. gxf5 Nf4 27. Nf1 Re8 28. Ng3 Kf8 29. Rab1 b5 30. Rb2 Bc4 31. Rxe8+ Kxe8 32. Rd2 Ba5 33. Rc2 Bd3 34. Rc1 Kd7 35. f3 Ne2+ 36. Nxe2 Bxe2 37. f6 gxf6 38. Kf2 Bc4 39. Rc2 Bc7 40. Ke3 Ke6 41. Rf2 Kf5 42. f4 a5 43. a3 Bd5 44. Rf1 Bd6 0-1

[Event "SLO-chT1 West"]
[Site "Slovenia"]
[Date "2018.10.12"]
[Round "4.6"]
[White "Vojinov, Danijel"]
[Black "Jelen, Miha"]
[Result "1-0"]
[WhiteElo "1974"]
[BlackElo "1894"]
[PlyCount "89"]
[EventDate "2018.09.28"]
[EventType "team-tourn"]
[EventRounds "9"]
[EventCountry "SLO"]
[SourceTitle "CBM 187 Extra"]
[Source "ChessBase"]
[SourceDate "2018.11.04"]
[SourceVersion "1"]
[SourceVersionDate "2018.11.04"]
[SourceQuality "1"]
[WhiteTeam "Kranj Stari Mayr"]
[BlackTeam "Ig"]
[WhiteTeamCountry "SLO"]
[BlackTeamCountry "SLO"]

1. b4 d5 2. Bb2 Nf6 3. e3 Bf5 4. c4 e6 5. a3 Be7 6. Nf3 Nbd7 7. cxd5 exd5 8. Be2 0-0 9. 0-0 c5 10. bxc5 Nxc5 11. d4 Qb6 12. Ra2 Nce4 13. Nh4 Bd7 14. Ba1 Rac8 15. Rb2 Qc7 16. Nf3 Bd6 17. Qb3 b6 18. h3 Qb8 19. Rc2 Rxc2 20. Qxc2 Rc8 21. Qb3 Qc7 22. Bd3 b5 23. Bb2 Qa5 24. Bxe4 dxe4 25. Ng5 Rc4 26. f3 Bf5 27. Bc3 Qa4 28. Qxa4 Rxa4 29. fxe4 Bxe4 30. Rxf6 gxf6 31. Nxe4 Bxa3 32. Nxf6+ Kg7 33. d5 Bc1 34. Kf2 b4 35. d6 bxc3 36. d7 c2 37. Ne8+ Kh6 38. Nd2 Bxd2 39. d8Q Bxe3+ 40. Ke2 Bg5 41. Qd6+ f6 42. Qf8+ Kg6 43. Qg7+ Kf5 44. Qxh7+ Kf4 45. Qc7+ 1-0